CSIR-UGC NET/SLET compulsory paper one - A: for junior research fellowship and lectureship exam. (Record no. 159075)
[ view plain ]
| 000 -LEADER | |
|---|---|
| fixed length control field | 00682nam a2200205Ia 4500 |
| 003 - CONTROL NUMBER IDENTIFIER | |
| control field | OSt |
| 005 - DATE AND TIME OF LATEST TRANSACTION | |
| control field | 20230411112027.0 |
| 008 - FIXED-LENGTH DATA ELEMENTS--GENERAL INFORMATION | |
| fixed length control field | 210423s2010 xx 000 0 und d |
| 020 ## - INTERNATIONAL STANDARD BOOK NUMBER | |
| International Standard Book Number | - |
| 040 ## - CATALOGING SOURCE | |
| Transcribing agency | AL |
| 041 ## - LANGUAGE CODE | |
| Language code of text/sound track or separate title | eng |
| 082 ## - DEWEY DECIMAL CLASSIFICATION NUMBER | |
| Classification number | 370.02 GUPK |
| Edition number | 23 |
| 100 ## - MAIN ENTRY--PERSONAL NAME | |
| Personal name | GUPTA (Kanchan);MALHOTRA (A M). |
| 9 (RLIN) | 85993 |
| 245 ## - TITLE STATEMENT | |
| Title | CSIR-UGC NET/SLET compulsory paper one - A: for junior research fellowship and lectureship exam. |
| 260 ## - PUBLICATION, DISTRIBUTION, ETC. | |
| Place of publication, distribution, etc. | New Delhi |
| Name of publisher, distributor, etc. | Bright publication |
| Date of publication, distribution, etc. | 2010 |
| 300 ## - PHYSICAL DESCRIPTION | |
| Extent | xvi,408 |
| Other physical details | PB |
| 365 ## - TRADE PRICE | |
| Price amount | 265 |
| Currency code | INR |
| 906 ## - LOCAL DATA ELEMENT F, LDF (RLIN) | |
| a | - ; (A). ; (A): ; A: ; compulsory ; CSIR-UGC ; exam. ; fellowship ; junior ; lectureship ; NET/SLET ; one ; paper ; research |
| 942 ## - ADDED ENTRY ELEMENTS (KOHA) | |
| Source of classification or shelving scheme | Dewey Decimal Classification |
| Koha item type | Book |
| Withdrawn status | Lost status | Damaged status | Not for loan | Collection code | Home library | Current library | Date acquired | Source of acquisition | Cost, normal purchase price | Total Checkouts | Full call number | Barcode | Date last seen | Date last checked out | Price effective from | Koha item type |
|---|---|---|---|---|---|---|---|---|---|---|---|---|---|---|---|---|
| MA English | St Aloysius PG Library | St Aloysius PG Library | 11/15/2010 | Athulya Books | 265.00 | 1 | 370.02 GUPK | PG005552 | 10/04/2023 | 09/25/2023 | 04/26/2021 | Book |